El jamón del sánguche /

Guardado en:
Autor Principal: Bialet, Graciela
Formato: Libro
Publicado: Buenos Aires : Norma, 2008
Series:Zona Libre
Materias:
Etiquetas: Agregar Etiqueta
Sin Etiquetas, Sea el primero en etiquetar este registro!
LEADER 00545nam a22001935a 4500
001 CEM.cems014078
008 130507s2008##################000#0#####d
005 20260616161320.0
245 1 0 |a El jamón del sánguche /  |c Graciela Bialet 
260 |a Buenos Aires :  |b Norma,  |c 2008 
300 |a 224 p. 
490 0 |a Zona Libre 
020 |a 9789875454897 
100 1 |a Bialet, Graciela 
082 0 4 |a A863.4 
653 |a Literatura argentina 
653 |a Novela 
653 |a Novela juvenil 
859 |a CEMS  |b BIB. CEMS - 11 de abril  |h A863.4LS2  |i B470  |p 26709.13  |t Ej.1